Lord of the Mysteries - The Demoness Pathway - Statistics

General Stats
  • This quiz has been taken 51 times
  • The average score is 8 of 10
Answer Stats
Sequence Number Name of Potion % Correct
Sequence 7 Witch
100%
Sequence 9 Assassin
94%
Sequence 0 The Demoness
94%
Sequence 3 Unaging
88%
Sequence 8 Instigator
85%
Sequence 6 Pleasure
85%
Sequence 4 Despair
79%
Sequence 5 Affliction
74%
Sequence 1 Apocalypse
71%
Sequence 2 Catastrophe
71%
No matching quizzes found
Score Distribution
Percent of People with Each Score
Percentile by Number Answered
Your Score History
You have not taken this quiz